banner-ar

السياسة الشرعية / (Record no. 30479)

MARC details
000 -الفاتح
حقل البيانات ثابتة الطول 00612nam a2200193Ia 4500
008 - عناصر البيانات ثابتة الطول - معلومات عامة
حقل البيانات ثابتة الطول 140319s9999 xx 000 0 ara d
040 ## - مصدر الفهرسة
وكالة الفهرسة الأصلية GCL /
وكالة النسخ GCL
082 04 - رقم تصنيف ديوى العشرى
رقم التصنيف 257.1
رقم المادة د س
100 1# - المدخل الرئيسى - إسم شخصى
الإسم الشخصى فؤاد عبدالمنعم احمد (تحقيق)
245 10 - بيان العنوان
العنوان السياسة الشرعية /
بيان المسئوليه,etc فؤاد عبدالمنعم احمد (تحقيق)
700 1# - المدخل الاضافى - اسم شخصى
الإسم الشخصى دده افندى، ابراهيم بن يحيى
300 ## - الوصف المادى
التعداد 184 ص
490 ## - بيان السلسلة
عنوان السلسلة
650 04 - المدخل الاضافى بالموضوع-مصطلح موضوعى
مصطلح موضوعي الاسلام
650 04 - المدخل الاضافى بالموضوع-مصطلح موضوعى
مصطلح موضوعي النظام السياسى
942 ## - عناصر المدخل الإضافي( كوها)
مصدر التصنيف او مخطط الترفيف Dewey Decimal Classification
Koha [default] item type كتاب
260 ## - PUBLICATION, DISTRIBUTION, ETC. (IMPRINT)
-- [S.N] :
-- مؤسسة شباب الجامعة
Holdings
حالة التراجع حالة الفقد حالة تلف ليس للاعارة المكان المؤقت الموقع الحالى تاريخ الاكتساب اجمالي اﻻعارات رقم الطلب الباركود تاريخ اخر مشاهدة تاريخ تفعيل السعر نوع وعاء كوها مصدر التصنيف او خطة الترفيف
        مكتبة القاهرة الكبرى مكتبة القاهرة الكبرى 03/26/2014   257.1\د س 70986 03/26/2014 03/26/2014 كتاب  
        مكتبة القاهرة الكبرى مكتبة القاهرة الكبرى 10/12/2019   257.1\د س 166581 10/12/2019 10/12/2019 كتاب ddc

Powered By

EGPV